Mỹ thuật của người Việt

Spremljeno u:
Bibliografski detalji
Glavni autor: Nguyễn, Quân
Daljnji autori: Phan Cẩm Thượng
Format: Knjiga
Izdano: Hà Nội Mỹ thuật 1989
Teme:
Oznake: Dodaj oznaku
Bez oznaka, Budi prvi tko označuje ovaj zapis!
Thư viện lưu trữ: Trung tâm Học liệu Lê Vũ Hùng, Trường Đại học Đồng Tháp
LEADER 00742pam a22002298a 4500
001 00038213
005 20171026081023.0
008 170515s1989 ||||||Viesd
041 0 # |a Vie 
082 1 4 |a 709.597  |b M300TH 
100 1 # |a Nguyễn, Quân 
245 1 0 |a Mỹ thuật của người Việt  |c Nguyễn Quân, Phan Cẩm Thượng 
260 # # |a Hà Nội  |b Mỹ thuật  |c 1989 
300 # # |a 303 tr.  |c 24 cm 
653 # # |a Mỹ thuật 
700 1 # |a Phan Cẩm Thượng 
852 # # |b Kho mượn  |j KM.0021505 
852 # # |b Kho đọc  |j KD.0020470 
852 # # |j KD.0020470  |j KM.0021505 
910 |d 15/05/2017 
980 # # |a Trung tâm Học liệu Lê Vũ Hùng, Trường Đại học Đồng Tháp